[Event "Nakhchivan Open 2018"]
[Site "Nakhchivan AZE"]
[Date "2018.05.01"]
[Round "1.1"]
[White "Bashirli, Nail"]
[Black "Korobov, Anton"]
[Result "1/2-1/2"]
[WhiteTitle "IM"]
[BlackTitle "GM"]
[WhiteElo "2374"]
[BlackElo "2678"]
[WhiteFideId "13406809"]
[BlackFideId "14105730"]
[EventDate "2018.05.01"]

1. e4 c5 2. Nf3 d6 3. Nc3 a6 4. d4 cxd4 5. Nxd4 Nf6 6. Bc4 e6 7. Bb3 Be7 8. g4
h6 9. Be3 Nc6 10. Rg1 Na5 11. f4 Nxb3 12. axb3 Nd7 13. Qf3 g5 14. f5 Ne5 15. Qf2
Bd7 16. O-O-O Bf6 17. Nf3 Nxf3 18. Qxf3 Be5 19. Rgf1 Qe7 20. Bd4 O-O-O 21. Bxe5
dxe5 1/2-1/2

[Event "Nakhchivan Open 2018"]
[Site "Nakhchivan AZE"]
[Date "2018.05.01"]
[Round "1.2"]
[White "Safarli, Eltaj"]
[Black "Guliev, Sarhan"]
[Result "1-0"]
[WhiteTitle "GM"]
[BlackTitle "GM"]
[WhiteElo "2657"]
[BlackElo "2373"]
[WhiteFideId "13402129"]
[BlackFideId "13400231"]
[EventDate "2018.05.01"]

1. e4 c5 2. Nf3 d6 3. Nc3 Nf6 4. d4 cxd4 5. Nxd4 a6 6. Be3 e6 7. g4 Nc6 8. g5
Nd7 9. h4 Nxd4 10. Qxd4 b5 11. O-O-O Bb7 12. h5 Rc8 13. h6 Rg8 14. f4 gxh6 15.
gxh6 Qa5 16. Rh5 Rg3 17. Kb1 Rxe3 18. Qxe3 Nf6 19. Rg5 Bxh6 20. Rxd6 Bxg5 21.
fxg5 Ng4 22. Qd4 b4 23. Rb6 Rc7 24. Nb5 axb5 25. Bxb5+ Kf8 26. Qh8+ Ke7 27. Qe8# 1-0

[Event "Nakhchivan Open 2018"]
[Site "Nakhchivan AZE"]
[Date "2018.05.01"]
[Round "1.3"]
[White "Mamedjarova, Zeinab"]
[Black "Guseinov, Gadir"]
[Result "0-1"]
[WhiteTitle "WGM"]
[BlackTitle "GM"]
[WhiteElo "2367"]
[BlackElo "2654"]
[WhiteFideId "13401521"]
[BlackFideId "13401378"]
[EventDate "2018.05.01"]

1. d4 g6 2. g3 Bg7 3. Bg2 d6 4. Nf3 Nd7 5. O-O e5 6. c4 Ne7 7. Nc3 O-O 8. e4
exd4 9. Nxd4 Nc6 10. Nde2 a5 11. Rb1 Nc5 12. b3 f5 13. Be3 Nxe4 14. Nxe4 fxe4
15. Bxe4 Bh3 16. Nf4 Bxf1 17. Qxf1 Qd7 18. Bd5+ Kh8 19. Ne6 Rfe8 20. Nxg7 Qxg7
21. Rd1 Rxe3 22. fxe3 Rf8 23. Qe2 Nd8 24. Qd2 Qe5 25. Qd4 Re8 26. Bf3 Kg7 27.
Kg2 b6 28. Rd2 Nf7 29. Bd5 Nh6 30. Qxe5+ Rxe5 31. Re2 Ng4 32. Kf3 Nf6 33. Bc6
Kf7 34. h3 Rf5+ 35. Kg2 Rc5 36. Bf3 a4 37. Rf2 Ke7 38. Rb2 Nd7 39. Be2 axb3 40.
axb3 Ra5 41. b4 Ra3 42. Kf3 Ra1 43. h4 h6 44. Kf4 Rg1 45. Ra2 Rg2 46. Kf3 Rh2
47. e4 Ne5+ 48. Ke3 Rg2 49. Ra7 Kd7 50. Bd1 Rxg3+ 51. Kf2 Rc3 52. Ba4+ Kd8 53.
Ra8+ Ke7 54. Re8+ Kf6 55. Bb5 Nxc4 0-1

[Event "Nakhchivan Open 2018"]
[Site "Nakhchivan AZE"]
[Date "2018.05.01"]
[Round "1.4"]
[White "Mamedov, Nidjat"]
[Black "Mammadova, Gulnar"]
[Result "1-0"]
[WhiteTitle "GM"]
[BlackTitle "IM"]
[WhiteElo "2602"]
[BlackElo "2360"]
[WhiteFideId "13400819"]
[BlackFideId "13403508"]
[EventDate "2018.05.01"]

1. e4 e6 2. d4 d5 3. Nd2 a6 4. Ngf3 c5 5. dxc5 Bxc5 6. Bd3 Nc6 7. O-O Nge7 8.
Qe2 Nb4 9. Nb3 Nxd3 10. cxd3 Bb6 11. Be3 O-O 12. Rac1 Bd7 13. e5 Bxe3 14. Qxe3
Nf5 15. Qd2 Rc8 16. Rxc8 Bxc8 17. Rc1 Bd7 18. Nc5 Bc6 19. d4 a5 20. Nb3 a4 21.
Nc5 Qb6 22. h4 Qb5 23. h5 b6 24. Nd3 Rc8 25. Kh2 Bb7 26. Rxc8+ Bxc8 27. g4 Ne7
28. h6 gxh6 29. Nf4 Ba6 30. Kg3 Kf8 31. Nh5 Ng8 32. Qc3 Ne7 33. Qc7 Qc6 34. Qd8+
Qe8 35. Qxb6 Be2 36. Nf6 Qc8 37. Qd6 Bd3 38. Nd7+ Ke8 39. Nf6+ Kf8 40. Nd7+ Ke8
41. Nb6 Qb7 42. Nxa4 Be4 43. Nc5 Qa8 44. Nd2 h5 45. Na6 Kf8 46. Nc7 Qc8 47. Nxe4
dxe4 48. gxh5 h6 49. b3 1-0

[Event "Nakhchivan Open 2018"]
[Site "Nakhchivan AZE"]
[Date "2018.05.01"]
[Round "1.5"]
[White "Hasanzade, Toghrul"]
[Black "Aleksandrov, Aleksej"]
[Result "0-1"]
[WhiteTitle "IM"]
[BlackTitle "GM"]
[WhiteElo "2350"]
[BlackElo "2594"]
[WhiteFideId "13407716"]
[BlackFideId "13500139"]
[EventDate "2018.05.01"]

1. e4 e5 2. Nf3 Nc6 3. Bb5 a6 4. Ba4 Nf6 5. d3 d6 6. c3 g6 7. O-O Bg7 8. Re1 O-O
9. Nbd2 b5 10. Bc2 Bb7 11. a4 Re8 12. Nf1 Nb8 13. Ng3 Nbd7 14. d4 c5 15. dxe5
dxe5 16. Qe2 c4 17. Be3 Qc7 18. Nd2 Nc5 19. axb5 axb5 20. f3 h5 21. Qf2 Bf8 22.
h3 Rad8 23. f4 exf4 24. Bxf4 Qc6 25. Bg5 h4 26. Ne2 Rxd2 27. Bxd2 Ncxe4 28. Nd4
Bc5 29. Bxe4 Nxe4 30. Rxe4 Qxe4 31. Re1 Bxd4 32. cxd4 Qc6 33. Rxe8+ Qxe8 34.
Qxh4 Qe2 35. Qg5 Be4 36. d5 f6 37. Qg4 Qxd2 38. Qxe4 Kf8 39. Qxg6 Qxb2 40. Qh6+
Ke7 41. Qe3+ Kd6 42. Qe6+ Kc5 43. Qc6+ Kb4 44. d6 Qd4+ 45. Kh2 Qe5+ 46. Kg1 Qe6
47. Qb6 Qd5 48. Qc7 Qd4+ 49. Kf1 Qf4+ 50. Ke2 c3 51. Qe7 Qc4+ 52. Kf3 Qc6+ 53.
Kg3 Qc5 54. Qxf6 Kb3 55. Qe6+ Kb2 56. d7 Qg5+ 57. Qg4 Qe5+ 58. Qf4 Qg7+ 59. Qg4
Qe5+ 60. Qf4 Qxf4+ 61. Kxf4 c2 62. d8=Q c1=Q+ 63. Kg4 b4 64. h4 b3 65. h5 Qc4+
66. Kg5 Kc2 67. h6 b2 68. h7 b1=Q 69. h8=Q Qbb5+ 70. Kg6 Qg4+ 71. Kf7 Qb7+ 72.
Kf6 Qc6+ 73. Kf7 Qce6+ 74. Kf8 Qgf5+ 0-1

[Event "Nakhchivan Open 2018"]
[Site "Nakhchivan AZE"]
[Date "2018.05.01"]
[Round "1.6"]
[White "Smirin, Ilia"]
[Black "Guliev, Logman"]
[Result "1-0"]
[WhiteTitle "GM"]
[BlackTitle "IM"]
[WhiteElo "2592"]
[BlackElo "2349"]
[WhiteFideId "2801990"]
[BlackFideId "13400061"]
[EventDate "2018.05.01"]

1. e4 c5 2. Nf3 d6 3. d4 cxd4 4. Nxd4 Nf6 5. Nc3 a6 6. g3 e6 7. Bg2 Be7 8. O-O
O-O 9. b3 Qc7 10. Bb2 Nc6 11. Nce2 Nxd4 12. Nxd4 Bd7 13. c4 Rac8 14. Qe2 b5 15.
Rfc1 Qb6 16. cxb5 axb5 17. b4 Rfd8 18. a3 Qb8 19. Bf1 Qb7 20. e5 dxe5 21. Qxe5
Be8 22. Rxc8 Qxc8 23. Rc1 Qb7 24. Rc7 Qd5 25. Nxe6 Bd6 26. Qxd5 Nxd5 27. Rxf7
Bxf7 28. Nxd8 Be8 29. Ne6 g6 30. Bd4 h6 31. Bg2 Ne7 32. Bc5 Nf5 33. g4 Bxc5 34.
bxc5 Ne7 35. Nd4 Nc8 36. Bb7 Ne7 37. Ba6 1-0

[Event "Nakhchivan Open 2018"]
[Site "Nakhchivan AZE"]
[Date "2018.05.01"]
[Round "1.7"]
[White "Hojjatova, Aydan"]
[Black "Bernadskiy, Vitaliy"]
[Result "0-1"]
[WhiteTitle "WFM"]
[BlackTitle "GM"]
[WhiteElo "2344"]
[BlackElo "2589"]
[WhiteFideId "13401491"]
[BlackFideId "14100371"]
[EventDate "2018.05.01"]

1. e4 c5 2. Nf3 Nc6 3. Bb5 Nf6 4. Bxc6 dxc6 5. d3 Bg4 6. h3 Bxf3 7. Qxf3 g6 8.
Nc3 Bg7 9. Be3 Nd7 10. O-O O-O 11. Qe2 e5 12. Qd2 Qe7 13. Bh6 Rfd8 14. Bxg7 Kxg7
15. Rae1 c4 16. Qe3 cxd3 17. cxd3 Nc5 18. Rd1 Ne6 19. Ne2 Qc5 20. Qg3 Nd4 21.
Nxd4 Rxd4 22. Kh1 Rad8 23. f4 f6 24. Qe3 Qd6 25. fxe5 Qxe5 26. Rd2 c5 27. Rc1 b6
28. Rc4 b5 29. Rxd4 Rxd4 30. Re2 a5 31. b3 a4 32. bxa4 Rxa4 33. Rc2 Rd4 34. Kg1
Qd6 35. Rc3 h5 36. Kf2 b4 37. Rb3 h4 38. Qf3 f5 39. Ke1 Qe5 40. Kf1 fxe4 41.
dxe4 Rxe4 42. Kg1 Qd4+ 43. Kh2 Re1 0-1

[Event "Nakhchivan Open 2018"]
[Site "Nakhchivan AZE"]
[Date "2018.05.01"]
[Round "1.8"]
[White "Firouzja, Alireza"]
[Black "Aliyev, Ravan"]
[Result "1/2-1/2"]
[WhiteTitle "IM"]
[BlackTitle "FM"]
[WhiteElo "2570"]
[BlackElo "2340"]
[WhiteFideId "12573981"]
[BlackFideId "13409980"]
[EventDate "2018.05.01"]

1. e4 e6 2. d4 d5 3. Nc3 Nf6 4. e5 Nfd7 5. f4 c5 6. Nf3 Nc6 7. Be3 cxd4 8. Nxd4
Bc5 9. Qd2 O-O 10. O-O-O a6 11. Kb1 Nxd4 12. Bxd4 b5 13. Ne2 a5 14. Qe3 Qc7 15.
Bxc5 Nxc5 16. Ng3 b4 17. Nh5 Kh8 18. g4 Ne4 19. Bg2 Bb7 20. Bxe4 dxe4 21. f5 Bd5
22. Nxg7 Kxg7 23. Qg5+ Kh8 24. Qf6+ Kg8 25. Qg5+ Kh8 26. Qf6+ Kg8 27. Qg5+ 1/2-1/2

[Event "Nakhchivan Open 2018"]
[Site "Nakhchivan AZE"]
[Date "2018.05.01"]
[Round "1.9"]
[White "Balajayeva, Khanim"]
[Black "Tiviakov, Sergei"]
[Result "0-1"]
[WhiteTitle "WFM"]
[BlackTitle "GM"]
[WhiteElo "2338"]
[BlackElo "2569"]
[WhiteFideId "13406396"]
[BlackFideId "1008013"]
[EventDate "2018.05.01"]

1. e4 d5 2. exd5 Qxd5 3. Nc3 Qd6 4. d4 c6 5. Nf3 Nf6 6. Be3 Bf5 7. Bd3 Bg6 8.
Qd2 e6 9. O-O-O Nbd7 10. Bxg6 hxg6 11. Rhe1 Be7 12. Kb1 Qb4 13. a3 Qa5 14. Bg5
O-O-O 15. Qe2 Bxa3 16. bxa3 Qxc3 17. Ka2 Nb6 18. Rb1 Qc4+ 19. Qxc4 Nxc4 20. c3
Rd5 21. Kb3 b5 22. Bf4 Rf5 23. Be3 Nd5 24. Rbd1 Kc7 25. h3 a5 26. Bc1 Rxh3 27.
gxh3 Rxf3 28. Kc2 Rxc3+ 29. Kb1 Rxh3 30. Kc2 Rc3+ 31. Kb1 Nxa3+ 32. Bxa3 Rxa3
33. Rc1 Rf3 34. Rc2 b4 0-1

[Event "Nakhchivan Open 2018"]
[Site "Nakhchivan AZE"]
[Date "2018.05.01"]
[Round "1.10"]
[White "Khenkin, Igor"]
[Black "Gasimov, Parviz"]
[Result "1-0"]
[WhiteTitle "GM"]
[BlackTitle "FM"]
[WhiteElo "2557"]
[BlackElo "2329"]
[WhiteFideId "4659600"]
[BlackFideId "13408798"]
[EventDate "2018.05.01"]

1. d4 d5 2. c4 c6 3. e3 Nf6 4. Bd3 e5 5. Nc3 e4 6. Bc2 Bd6 7. f3 O-O 8. fxe4
dxe4 9. Bxe4 Ng4 10. Nf3 f5 11. Bd3 Nxh2 12. Nxh2 Qh4+ 13. Kd2 Bxh2 14. Ne2 c5
15. Qg1 cxd4 16. Qxh2 dxe3+ 17. Kxe3 Qe7+ 18. Kf2 h6 19. Nf4 1-0

[Event "Nakhchivan Open 2018"]
[Site "Nakhchivan AZE"]
[Date "2018.05.01"]
[Round "1.11"]
[White "Mamedjarova, Turkan"]
[Black "Korneev, Oleg"]
[Result "0-1"]
[WhiteTitle "WGM"]
[BlackTitle "GM"]
[WhiteElo "2309"]
[BlackElo "2533"]
[WhiteFideId "13402005"]
[BlackFideId "4156803"]
[EventDate "2018.05.01"]

1. d4 d5 2. c4 e6 3. Nc3 c6 4. cxd5 exd5 5. Qc2 g6 6. e3 Bf5 7. Bd3 Bxd3 8. Qxd3
Na6 9. Nf3 Nf6 10. Ne5 Rc8 11. O-O Bg7 12. Rb1 Qe7 13. a3 Nc5 14. Qc2 Nce4 15.
Nxd5 Nxd5 16. Qxe4 O-O 17. Qf3 Bxe5 18. dxe5 Qxe5 19. e4 Nf6 20. Re1 Rfe8 21.
Bf4 Qe6 22. e5 Nd5 23. Bg5 f6 24. Bxf6 Nxf6 25. Qxf6 Qxf6 26. exf6 Kf7 27. Kf1
Kxf6 28. Rxe8 Rxe8 29. Rd1 a5 30. b3 Re5 31. Rd3 Rc5 32. h4 h5 33. Rd7 b5 34.
Rd3 Rc2 35. g3 Ke5 36. Kg2 c5 37. Re3+ Kd4 38. Re6 Kc3 39. Rxg6 Kxb3 40. g4 hxg4
41. h5 Rd2 42. h6 Rd8 43. Kg3 Kxa3 44. Kxg4 c4 45. Rc6 Kb3 46. h7 c3 47. f4 c2 0-1

[Event "Nakhchivan Open 2018"]
[Site "Nakhchivan AZE"]
[Date "2018.05.02"]
[Round "2.1"]
[White "Mousavi, Seyed Khalil"]
[Black "Safarli, Eltaj"]
[Result "0-1"]
[WhiteTitle "IM"]
[BlackTitle "GM"]
[WhiteElo "2460"]
[BlackElo "2657"]
[WhiteFideId "12511099"]
[BlackFideId "13402129"]
[EventDate "2018.05.01"]

1. e4 e5 2. Nf3 Nc6 3. d4 exd4 4. Nxd4 Qf6 5. Nb3 Qg6 6. Qe2 Nf6 7. f3 Bb4+ 8.
c3 Be7 9. Bf4 d5 10. e5 Nh5 11. Bc1 Bh4+ 12. Kd1 Bg5 13. g3 Bxc1 14. Nxc1 O-O
15. g4 Nf4 16. Qe3 Ne6 17. Nd2 d4 18. cxd4 Nexd4 19. Bd3 Qe6 20. Re1 Rd8 21. h3
Nb4 22. Be4 Qb6 23. Ne2 Be6 24. Nxd4 Rxd4 25. a3 Nc6 26. Bxc6 Qxb2 27. Be4 Rad8 0-1

[Event "Nakhchivan Open 2018"]
[Site "Nakhchivan AZE"]
[Date "2018.05.02"]
[Round "2.2"]
[White "Guseinov, Gadir"]
[Black "Sanal, Vahap"]
[Result "1/2-1/2"]
[WhiteTitle "GM"]
[BlackTitle "GM"]
[WhiteElo "2654"]
[BlackElo "2505"]
[WhiteFideId "13401378"]
[BlackFideId "6300545"]
[EventDate "2018.05.01"]

1. e4 e5 2. Nf3 Nc6 3. Bb5 a6 4. Ba4 Nf6 5. O-O Be7 6. d3 b5 7. Bb3 d6 8. a4 Bd7
9. Nc3 Na5 10. Ba2 b4 11. Ne2 c5 12. Ng3 O-O 13. Nh4 b3 14. cxb3 g6 15. Bh6 Re8
16. Bd2 Rb8 17. b4 cxb4 18. Nf3 Bg4 19. Bc4 Nxc4 20. dxc4 b3 21. h3 Be6 22. c5
Nd7 23. cxd6 Bxd6 24. Qe2 Nc5 25. Be3 f6 26. Rfc1 Qa5 27. Nd2 Qb4 28. Nc4 Bf8
29. Bd2 Qb7 30. Ba5 h5 31. f3 Bf7 32. Ne3 Kg7 33. Kh1 Rbc8 34. Qd2 Ne6 35. Ne2
Bc5 36. Qd3 Nd4 37. Nxd4 Bxd4 38. Nd1 Ba7 39. Qd2 Rxc1 40. Rxc1 Rc8 41. Bc3 Qc6
42. a5 Qc5 43. Qe1 h4 44. f4 Rc7 45. fxe5 fxe5 46. Ne3 Qe7 47. Ng4 Bd4 48. Bxd4
exd4 49. Rxc7 Qxc7 50. Qd2 Qd8 51. Qh6+ Kg8 52. e5 Be8 53. Nf6+ Kf7 54. Qh7+ Ke6
55. Qg8+ Kxe5 56. Nxe8 d3 57. Qg7+ Kf4 58. Qf7+ Ke5 59. Qxb3 d2 60. Qe3+ Kf5 61.
Qf3+ Ke5 62. Qe2+ Kf4 63. Qd1 Ke5 64. Kg1 Qd4+ 65. Kf1 Qd3+ 66. Kf2 Kd4 67. Qg4+
Ke5 68. Qe2+ Kd4 69. Qg4+ Ke5 70. Qe2+ Kd4 1/2-1/2

[Event "Nakhchivan Open 2018"]
[Site "Nakhchivan AZE"]
[Date "2018.05.02"]
[Round "2.3"]
[White "Tahbaz, Arash"]
[Black "Mamedov, Nidjat"]
[Result "0-1"]
[WhiteTitle "IM"]
[BlackTitle "GM"]
[WhiteElo "2451"]
[BlackElo "2602"]
[WhiteFideId "12528846"]
[BlackFideId "13400819"]
[EventDate "2018.05.01"]

1. c4 e5 2. Nc3 Nf6 3. g3 Bb4 4. Bg2 Bxc3 5. bxc3 O-O 6. d3 Re8 7. e4 c6 8. Ne2
d5 9. cxd5 cxd5 10. exd5 Nxd5 11. h3 Nc6 12. O-O Be6 13. Kh2 Qd7 14. Bb2 Rad8
15. Qc1 Nb6 16. Rd1 Bd5 17. f3 f6 18. Ba3 Bf7 19. Bc5 Qc7 20. c4 Nd4 21. Nxd4
Qxc5 22. Nb3 Qc7 23. f4 Bg6 24. fxe5 Rxe5 25. Qf4 Qe7 26. Rd2 Rxd3 27. Rxd3 Bxd3
28. c5 Nd7 29. Rd1 Bg6 30. Bxb7 Nxc5 31. Bd5+ Bf7 32. Bxf7+ Kxf7 33. Qc4+ Qe6
34. Qxe6+ Kxe6 35. Nd4+ Kf7 36. Rc1 Ne6 37. Nxe6 Rxe6 38. a4 Ra6 39. Rc7+ Kg6
40. Rc4 h5 41. Kg2 Ra5 42. h4 Kf5 43. Kf3 g6 44. Rf4+ Ke6 45. Rb4 Ke5 46. Re4+
Kd6 47. Rb4 Rc5 48. Rd4+ Rd5 49. Rb4 Rd3+ 50. Kf2 Ke6 51. Rb5 Rd5 52. Rb7 Ra5
53. Rb4 Kf5 54. Kf3 Rc5 55. Rf4+ Ke5 56. Rb4 g5 57. hxg5 fxg5 58. Rb7 a5 59. Rh7
Rc3+ 60. Kf2 Kf5 61. Rxh5 Kg4 62. Rh8 Rc2+ 63. Ke3 Ra2 64. Rg8 Rxa4 65. Kf2 Ra2+
66. Ke3 a4 67. Kd4 0-1

[Event "Nakhchivan Open 2018"]
[Site "Nakhchivan AZE"]
[Date "2018.05.02"]
[Round "2.4"]
[White "Aleksandrov, Aleksej"]
[Black "Asadli, Vugar"]
[Result "1-0"]
[WhiteTitle "GM"]
[BlackTitle "IM"]
[WhiteElo "2594"]
[BlackElo "2470"]
[WhiteFideId "13500139"]
[BlackFideId "13405764"]
[EventDate "2018.05.01"]

1. c4 Nf6 2. Nc3 e5 3. Nf3 Nc6 4. e4 Bb4 5. d3 O-O 6. a3 Bxc3+ 7. bxc3 d6 8. Be2
b6 9. O-O Ne7 10. Nh4 Nc6 11. g3 Bh3 12. Ng2 a6 13. f4 h6 14. fxe5 dxe5 15. Rf2
Rb8 16. a4 b5 17. axb5 axb5 18. cxb5 Rxb5 19. Ne3 Be6 20. d4 Ra5 21. Rxa5 Nxa5
22. d5 Bd7 23. Bd3 Qe7 24. Ra2 Qc5 25. Qe1 Nb3 26. Ba3 Qa7 27. Bb1 Rb8 28. Kg2
Nc5 29. Nc4 c6 30. Bb4 Qb7 31. Nd6 Qb6 32. Nc4 Qb7 33. Bxc5 Qxb1 34. Qxb1 Rxb1
35. Nxe5 cxd5 36. exd5 Rb5 37. Ra8+ Kh7 38. Bd4 Rxd5 39. Ra7 Kg8 40. Ra8+ Kh7
41. Rf8 Be6 42. Nxf7 Ra5 43. Bxf6 gxf6 44. Nd6 Ra2+ 45. Kf3 Kg7 46. Re8 Bd5+ 47.
Ke3 Rxh2 48. c4 Bh1 49. c5 Rc2 50. Rc8 h5 51. Kd3 Rc1 52. Kd2 Rg1 53. c6 Bxc6
54. Rxc6 Kg6 55. Rc8 f5 56. Ke2 Ra1 57. Rc5 Kg5 58. Kf3 Ra3+ 59. Kg2 Rd3 60.
Nxf5 1-0

[Event "Nakhchivan Open 2018"]
[Site "Nakhchivan AZE"]
[Date "2018.05.02"]
[Round "2.5"]
[White "Muradli, Mahammad"]
[Black "Smirin, Ilia"]
[Result "1/2-1/2"]
[WhiteTitle "IM"]
[BlackTitle "GM"]
[WhiteElo "2417"]
[BlackElo "2592"]
[WhiteFideId "13409301"]
[BlackFideId "2801990"]
[EventDate "2018.05.01"]

1. d4 Nf6 2. c4 e6 3. Nf3 b6 4. g3 Bb7 5. Bg2 g6 6. O-O Bg7 7. Nc3 Ne4 8. Bd2
O-O 9. Qc2 Nxd2 10. Qxd2 d6 11. Rad1 Nd7 12. Ne1 c6 13. e3 d5 14. cxd5 cxd5 15.
Nd3 Qe7 16. Rc1 Nf6 17. Rc2 Ne8 18. Nb5 Ba6 19. a4 Bxb5 20. axb5 Nc7 21. Qb4
Qxb4 22. Nxb4 Nxb5 23. Na6 Rfc8 24. Rfc1 Rxc2 25. Rxc2 Nd6 26. Bf1 Rc8 27. Rxc8+
Nxc8 28. Nb8 Ne7 29. Bb5 e5 30. Nc6 Nxc6 31. Bxc6 exd4 32. exd4 Bxd4 33. b3 Kf8
34. Bxd5 Ke7 35. Kg2 a5 36. Bc4 f6 37. f4 Kd6 38. Bg8 h6 39. Bf7 g5 40. Kf3 b5
41. Be8 Kc5 42. fxg5 fxg5 43. Kg4 Bg1 44. Kh5 Bxh2 1/2-1/2

[Event "Nakhchivan Open 2018"]
[Site "Nakhchivan AZE"]
[Date "2018.05.02"]
[Round "2.6"]
[White "Bernadskiy, Vitaliy"]
[Black "Tutisani, Noe"]
[Result "1/2-1/2"]
[WhiteTitle "GM"]
[BlackTitle "FM"]
[WhiteElo "2589"]
[BlackElo "2460"]
[WhiteFideId "14100371"]
[BlackFideId "13602853"]
[EventDate "2018.05.01"]

1. d4 Nf6 2. c4 c5 3. d5 e6 4. Nf3 d6 5. Nc3 g6 6. e4 Bg7 7. Nd2 O-O 8. Be2 Na6
9. O-O Nc7 10. a4 Re8 11. Re1 Rb8 12. Ra3 a6 13. a5 Nd7 14. Bf1 exd5 15. cxd5 b5
16. axb6 Nxb6 17. Nb3 Bd7 18. Na5 Nb5 19. Nxb5 axb5 20. Nc6 Bxc6 21. dxc6 Nc4
22. Bxc4 bxc4 23. Qd5 Qc7 24. Ra6 Ra8 25. Rxa8 Rxa8 26. Bf4 Rc8 27. Qxc4 Qxc6
28. b3 Re8 29. Kf1 Bd4 30. f3 Rb8 31. Be3 Rb4 32. Qd3 Qb6 33. Bxd4 1/2-1/2

[Event "Nakhchivan Open 2018"]
[Site "Nakhchivan AZE"]
[Date "2018.05.02"]
[Round "2.7"]
[White "Tiviakov, Sergei"]
[Black "Pasiev, Rakhim"]
[Result "1/2-1/2"]
[WhiteTitle "GM"]
[BlackTitle "IM"]
[WhiteElo "2569"]
[BlackElo "2416"]
[WhiteFideId "1008013"]
[BlackFideId "24122475"]
[EventDate "2018.05.01"]

1. e4 d6 2. d4 Nf6 3. Nc3 g6 4. Bg5 Bg7 5. Qd2 c6 6. f4 b5 7. Bd3 O-O 8. Nf3 Bg4
9. O-O Qb6 10. Ne2 d5 11. Bxf6 exf6 12. exd5 cxd5 13. f5 Nc6 14. c3 Ne5 15. Ne1
Bxe2 16. Bxe2 Rfe8 17. g3 Nc4 18. Bxc4 bxc4 19. Ng2 Re4 20. Rae1 Rae8 21. Rxe4
Rxe4 22. Qf2 Qb7 23. b4 cxb3 24. Qb2 Bh6 25. axb3 Qe7 26. Qf2 Kg7 27. Qf3 Bd2
28. Rd1 Bh6 29. b4 Qc7 30. Rf1 Qc6 31. Qd3 Qe8 32. Qf3 Qe7 33. Rd1 Qb7 34. Ra1
Qc7 35. Qd3 Qe7 36. Qf3 Re2 37. Qxd5 Rc2 38. Qf3 Bd2 39. Qd3 Bxc3 40. Ne3 Re2
41. Nd5 Re1+ 42. Kg2 Qb7 43. Rxe1 Bxe1 44. Qf3 g5 45. h4 h6 46. hxg5 hxg5 47.
Qe4 Bxb4 48. Kf3 Bd6 49. g4 a5 50. Ne3 Qb2 51. d5 Bf4 52. Nc4 Qc3+ 53. Ke2 a4
54. Qd3 Qc1 55. d6 Qg1 56. Qh3 Qc5 57. Qd3 Qc6 58. Kf2 a3 59. Nxa3 Bxd6 60. Nc4
Bc5+ 61. Ke1 Qh1+ 62. Kd2 Bb4+ 63. Kc2 Qg2+ 64. Kb3 Bc5 65. Qd1 Qg3+ 66. Kc2
Qg2+ 67. Kc3 Qe4 68. Kb3 Bd4 69. Ka2 Bc3 70. Kb3 Be5 71. Na5 Qe3+ 72. Kc4 Qc3+
73. Kb5 Bd4 74. Nb3 Bf2 75. Ka4 Bc5 76. Nxc5 Qxc5 77. Kb3 Qb5+ 78. Kc3 Qa5+ 79.
Kb3 Qb6+ 80. Kc3 Kf8 81. Qd4 Qc6+ 82. Kd3 Ke7 83. Qe4+ Kd6 84. Qxc6+ Kxc6 85.
Kc4 1/2-1/2

[Event "Nakhchivan Open 2018"]
[Site "Nakhchivan AZE"]
[Date "2018.05.02"]
[Round "2.8"]
[White "Abdulov, Orkhan"]
[Black "Khenkin, Igor"]
[Result "1/2-1/2"]
[WhiteTitle "IM"]
[BlackTitle "GM"]
[WhiteElo "2401"]
[BlackElo "2557"]
[WhiteFideId "13402714"]
[BlackFideId "4659600"]
[EventDate "2018.05.01"]

1. e4 c6 2. d4 d5 3. Nc3 dxe4 4. Nxe4 Bf5 5. Ng3 Bg6 6. h4 h6 7. Nf3 Nd7 8. h5
Bh7 9. Bd3 Bxd3 10. Qxd3 e6 11. Bd2 Ngf6 1/2-1/2

[Event "Nakhchivan Open 2018"]
[Site "Nakhchivan AZE"]
[Date "2018.05.02"]
[Round "2.9"]
[White "Korneev, Oleg"]
[Black "Sevdimaliyev, Urfan"]
[Result "1/2-1/2"]
[WhiteTitle "GM"]
[BlackTitle "GM"]
[WhiteElo "2533"]
[BlackElo "2397"]
[WhiteFideId "4156803"]
[BlackFideId "13402463"]
[EventDate "2018.05.01"]

1. e4 c5 2. Nf3 g6 3. d4 cxd4 4. Nxd4 Bg7 5. c4 Nc6 6. Be3 Nf6 7. Nc3 O-O 8. Be2
d6 9. O-O Bd7 10. Qd2 Nxd4 11. Bxd4 Bc6 12. f3 a5 13. b3 Nd7 14. Be3 Nc5 15.
Rab1 e6 16. Rfd1 Be5 17. Bd4 Qe7 18. Qe3 Rad8 19. Bf1 Bxd4 20. Rxd4 e5 21. Rd2
f5 22. exf5 gxf5 23. f4 Ne6 24. Re1 Qg7 25. Ne2 Nc5 26. fxe5 Ne4 27. e6 Nxd2 28.
Qxd2 d5 29. e7 Qxe7 30. Nd4 Qf6 31. Ne6 1/2-1/2

[Event "Nakhchivan Open 2018"]
[Site "Nakhchivan AZE"]
[Date "2018.05.02"]
[Round "2.10"]
[White "Abbasov, Farid"]
[Black "Pak, Yevgeniy"]
[Result "1/2-1/2"]
[WhiteTitle "GM"]
[BlackTitle "IM"]
[WhiteElo "2531"]
[BlackElo "2390"]
[WhiteFideId "13400665"]
[BlackFideId "14201712"]
[EventDate "2018.05.01"]

1. d4 Nf6 2. Nf3 e6 3. e3 c5 4. Nbd2 b6 5. Bd3 Bb7 6. O-O cxd4 7. exd4 Be7 8.
Re1 O-O 9. Nf1 d6 10. Ng3 Nbd7 11. Bd2 Re8 12. c4 d5 13. b3 dxc4 14. Bxc4 a6 15.
a4 Bd5 16. Qe2 Qc8 17. Ne5 Qb7 18. Nxd7 Nxd7 19. Nh5 Nf6 20. Nf4 Bd6 21. Qf1
Bxc4 22. bxc4 e5 23. dxe5 Bxe5 24. Ra3 Qc6 25. h3 h6 26. a5 Bd6 27. Rxe8+ Rxe8
28. Ra1 bxa5 29. Rxa5 Ne4 30. Be3 Bc7 31. Ra1 Nc3 32. Qd3 Bxf4 33. Qxc3 Bxe3 34.
fxe3 Re6 1/2-1/2